Documentos básicos en materia de derechos humanos en el sistema interamericano /
Guardado en:
| Autor Corporativo: | |
|---|---|
| Formato: | Libro |
| Idioma: | Spanish |
| Publicado: |
Washington :
Cidh,
2007.
|
| Materias: | |
| Etiquetas: |
Agregar Etiqueta
Sin Etiquetas, Sea el primero en etiquetar este registro!
|
| LEADER | 00523nam a22001455a 4500 | ||
|---|---|---|---|
| 001 | DER.der013206 | ||
| 008 | 180615s2007####ag#||||||||||||||#||spa|| | ||
| 005 | 20241029100615.0 | ||
| 245 | 1 | 0 | |a Documentos básicos en materia de derechos humanos en el sistema interamericano / |c Comisión Interamericana de Derechos Humanos. |
| 260 | |a Washington : |b Cidh, |c 2007. | ||
| 300 | |a 251 p. | ||
| 020 | |a 0827050674 | ||
| 110 | 2 | |a Comisión Interamericana de Derechos Humanos. | |
| 650 | 7 | |a DERECHOS HUMANOS | |
| 859 | |a DERECHO |b BIB. DERECHO |h 323 |i INT |p 008119 | ||
